000 00521nam a22001817a 4500
003 OSt
005 20250519122000.0
008 250519b |||||||| |||| 00| 0 eng d
020 _a978-81-264-5226-2
040 _cSBCL
082 _a894.8123
_bMEE-P
100 _aMeera,K.R
245 _aPenpanchathanthram Mattu Kathakalum
260 _aKottayam
_bDC Books
_c2024
300 _a95p.
650 _2Literature & rhetoric
_aLiteratures of other languages
_vAltaic, Uralic, Hyperborean & Dravidian
942 _cBOOK
999 _c136912
_d136912